000 00443nam a2200193 a 4500
001 1766052739347
003 ACL
005 20251218154431.0
008 251218s1998##################000#0#eng##
020 _a9780091864194
082 0 4 _a641.5945
_bGRA
100 1 _aGray, Rose,
_eauthor.
245 1 0 _aRiver Cafe Cookbook :
260 _c1998.
300 _a352 pages
650 0 _aCookery.
942 _cENGLISH
040 _aACL
_beng
_cACL
999 _c603200
_d603200